Functional Analysis (Record no. 8530)
[ view plain ]
| 000 -LEADER | |
|---|---|
| fixed length control field | 00347nam a22001337a 4500 |
| 001 - ACCESSION NUMBER | |
| ACCESSION NUMBER | 3981 |
| 008 - FIXED-LENGTH DATA ELEMENTS--GENERAL INFORMATION | |
| fixed length control field | 130628b xxu||||| |||| 00| 0 eng d |
| 020 ## - INTERNATIONAL STANDARD BOOK NUMBER | |
| International Standard Book Number | 0852265204 |
| 082 ## - | |
| Classification number | 515.7 |
| 100 ## - MAIN ENTRY--PERSONAL NAME | |
| Personal name | limaye vishnu balmohan |
| Locally Assigned cutter number (author/editor) | LIM |
| 245 ## - TITLE STATEMENT | |
| Title | Functional Analysis |
| Statement of responsibility, etc | balmohan vishnu limaye |
| 260 ## - PUBLICATION, DISTRIBUTION, ETC. (IMPRINT) | |
| Place of publication, distribution, etc | new dlhi |
| Name of publisher, distributor, etc | wiley eastern |
| Date of publication, distribution, etc | 1986 |
| 942 ## - ADDED ENTRY ELEMENTS (KOHA) | |
| Koha item type | General Books |
| Withdrawn status | Lost status | Source of classification or shelving scheme | Damaged status | Koha normalized classification for sorting | Not for loan | Location (home branch) | Sublocation or collection (holding branch) | Shelving location | Date acquired | Koha issues (times borrowed) | Koha renewals | Koha full call number | Piece designation (barcode) | Koha date last seen | Koha date last borrowed | Copy number | Price effective from | Koha item type |
|---|---|---|---|---|---|---|---|---|---|---|---|---|---|---|---|---|---|---|
| Dewey Decimal Classification | 515_700000000000000 | CUTN Central Library | CUTN Central Library | Sciences | 28/06/2013 | 22 | 18 | 515.7 | 3981 | 03/09/2024 | 14/08/2024 | 1 | 28/06/2013 | General Books |
